000
00332nam a2200133Ia 4500
008
221030s9999 xx 000 0 und d
041
_a
English
100
_a
K. K. Sharma
245
0
_a
Engineering Physics Vol. II
_c
by K. K. Sharma
260
_b
Kirti Publishers
_a
Jammu
_c
2017
300
_a
277
650
_a
Physics
942
_c
BK
999
_c
18315
_d
18315